000 00551nam a2200181Ia 4500
005 20250326123701.0
008 250326s9999 xx 000 0 und d
037 _aTextbook
040 _aFMSL
_beng
_cFMSL
041 _aeng
_2eng
084 _aX8(A):89ZB M5
_qFMSL
100 _aSreekantaradhya B S
245 0 _aREgional dispersal of industries and industrial development
_cSreekantaradhya B S
260 _aNew Delhi
_bNew Delhi, Deep & Deep
_c1985
300 _a176p
942 _cTB
_hX8(A):89ZB M5
999 _c1270490
_d1270490